[Event "Leiden Noteboom Memorial 79th"]
[Site "Leiden"]
[Date "2019.02.22"]
[Round "1"]
[White "Perez Garcia, Hebert"]
[Black "Van Dijk, Harold"]
[Result "0-1"]
[WhiteElo "2056"]
[BlackElo "2238"]
[PlyCount "78"]
[EventDate "2019.02.22"]
[EventType "swiss"]
[EventRounds "6"]
[EventCountry "NED"]
[SourceTitle "CBM 189 Extra"]
[Source "ChessBase"]
[SourceDate "2019.06.03"]
[SourceVersion "1"]
[SourceVersionDate "2019.06.03"]
[SourceQuality "1"]

1. d4 Nf6 2. c4 c5 3. d5 b5 4. cxb5 a6 5. bxa6 g6 6. Nc3 Bg7 7. Nf3 0-0 8. g3 d6 9. Bg2 Nxa6 10. 0-0 Nd7 11. Ne1 Rb8 12. Nd3 Re8 13. Nf4 Qa5 14. e4 Ne5 15. Nfe2 Nc4 16. Rb1 Bg4 17. f3 Bd7 18. Kh1 Nc7 19. Qd3 Ne5 20. Qc2 Nb5 21. f4 Nc4 22. Nxb5 Bxb5 23. Rf3 Qe1+ 24. Rf1 Na3 25. bxa3 Qxe2 26. Qxe2 Bxe2 27. Rxb8 Rxb8 28. Re1 Rb1 29. Bd2 Rxe1+ 30. Bxe1 Bd4 31. Bd2 c4 32. h4 c3 33. Bc1 Bf2 34. e5 Be1 35. exd6 exd6 36. Be3 Bd2 37. Bd4 c2 38. Bb2 c1Q+ 39. Bxc1 Bxc1 0-1

[Event "Leiden Noteboom Memorial 76th"]
[Site "Leiden"]
[Date "2016.02.05"]
[Round "1"]
[White "Vajda, Levente"]
[Black "Perez Garcia, Hebert"]
[Result "1-0"]
[WhiteElo "2583"]
[BlackElo "2159"]
[PlyCount "75"]
[EventDate "2016.02.05"]
[EventType "swiss"]
[EventRounds "6"]
[EventCountry "NED"]
[SourceTitle "CBM 170 Extra"]
[Source "ChessBase"]
[SourceDate "2016.02.25"]
[SourceVersion "1"]
[SourceVersionDate "2016.02.25"]
[SourceQuality "1"]

1. Nf3 f5 2. c4 Nf6 3. Nc3 e6 4. d4 Be7 5. g3 0-0 6. Bg2 d5 7. 0-0 c6 8. Rb1 a5 9. c5 b6 10. cxb6 Nbd7 11. b7 Bxb7 12. Ng5 e5 13. Ne6 Qb6 14. dxe5 Nxe5 15. Bf4 Ng6 16. Be3 Qb4 17. Nxf8 Rxf8 18. Bd2 Qd6 19. Na4 Qc7 20. Be3 Nd7 21. Rc1 Qb8 22. Nc5 Nxc5 23. Bxc5 f4 24. Qa4 Re8 25. Bxe7 Rxe7 26. Rfe1 fxg3 27. hxg3 Qd8 28. Rc5 h5 29. Qxa5 Qd6 30. Qa3 Qf6 31. Rc3 Ne5 32. Rb3 Rf7 33. Rf1 Kh7 34. e4 Nc4 35. Qb4 Qd4 36. exd5 cxd5 37. Qc3 Qc5 38. Rxb7 1-0

[Event "Goch op 20th"]
[Site "Goch"]
[Date "2009.10.03"]
[Round "5"]
[White "Mikalsen, Erlend"]
[Black "Perez Garcia, Hebert"]
[Result "0-1"]
[WhiteElo "1932"]
[BlackElo "2148"]
[PlyCount "46"]
[EventDate "2009.10.01"]
[EventType "swiss"]
[EventRounds "7"]
[EventCountry "GER"]
[SourceTitle "EXT 2011"]
[Source "ChessBase"]
[SourceDate "2010.11.26"]
[SourceVersion "1"]
[SourceVersionDate "2010.11.26"]
[SourceQuality "1"]

1. e4 c5 2. Nf3 a6 3. d4 cxd4 4. Nxd4 Nf6 5. Nc3 e5 6. Nf5 d5 7. Ng3 d4 8. Nb1 h5 9. Bd3 h4 10. Ne2 h3 11. g3 Nbd7 12. f4 Bc5 13. Na3 b5 14. fxe5 Nxe5 15. 0-0 Bb7 16. Bf4 Qe7 17. Bxe5 Qxe5 18. Rf5 Qc7 19. e5 Qc6 20. Nf4 Qh1+ 21. Kf2 Qxh2+ 22. Kf1 Bg2+ 23. Kf2 Ne4+ 0-1

[Event "Haarlem AKN op 09th"]
[Site "Haarlem"]
[Date "2000.07.02"]
[Round "5"]
[White "Erwich, Frank"]
[Black "Perez Garcia, Hebert"]
[Result "1-0"]
[WhiteElo "2224"]
[BlackElo "2205"]
[PlyCount "61"]
[EventDate "2000.06.30"]
[EventType "swiss"]
[EventRounds "6"]
[EventCountry "NED"]
[SourceTitle "EXT 2001"]
[Source "ChessBase"]
[SourceDate "2000.11.22"]
[SourceVersion "1"]
[SourceVersionDate "2000.11.22"]
[SourceQuality "1"]

1. e4 e6 2. Nf3 d5 3. e5 Ne7 4. d4 c5 5. Bd3 cxd4 6. Bf4 Nbc6 7. 0-0 Ng6 8. Bg3 Bc5 9. Nbd2 Bd7 10. Nb3 Bb6 11. h4 Bc7 12. Re1 Qb8 13. Qe2 a5 14. Nbxd4 Nxd4 15. Nxd4 Ne7 16. h5 Qa7 17. Qg4 Bb6 18. c3 Bxd4 19. cxd4 Nc6 20. Qxg7 0-0-0 21. Bxh7 Qxd4 22. h6 Rdf8 23. Rad1 Qb4 24. a3 Qe7 25. Rc1 Kb8 26. Bf4 Rc8 27. Bg5 Qf8 28. Bd3 Rg8 29. Qxf8 Rcxf8 30. Bf6 Nd4 31. h7 1-0

[Event "Hoogovens op-C"]
[Site "Wijk aan Zee"]
[Date "1999.??.??"]
[Round "6"]
[White "Markus, John Raymond"]
[Black "Perez Garcia, Hebert"]
[Result "0-1"]
[WhiteElo "2155"]
[BlackElo "2190"]
[PlyCount "80"]
[EventDate "1999.01.??"]
[EventType "swiss"]
[EventRounds "9"]
[EventCountry "NED"]
[SourceTitle "EXT 2000"]
[Source "ChessBase"]
[SourceDate "1999.11.16"]
[SourceVersion "1"]
[SourceVersionDate "1999.11.16"]
[SourceQuality "1"]

1. d4 f5 2. g3 Nf6 3. Bg2 e6 4. Nf3 d5 5. 0-0 Bd6 6. c4 c6 7. b3 Qe7 8. a4 0-0 9. Ba3 Nbd7 10. Qc2 Bxa3 11. Rxa3 Ne4 12. a5 a6 13. Ra2 Ndf6 14. Ne5 Bd7 15. Nd2 Rad8 16. Nxe4 dxe4 17. e3 Be8 18. Qc3 Bh5 19. b4 Nd7 20. f4 exf3 21. Nxf3 Bxf3 22. Bxf3 e5 23. Bg2 e4 24. Rb2 Rc8 25. Qb3 Kh8 26. b5 c5 27. bxa6 bxa6 28. Qa3 Qg5 29. Rb7 Rfd8 30. dxc5 Nxc5 31. Rf7 Nd3 32. Qa1 Qxe3+ 33. Kh1 Qh6 34. R7xf5 e3 35. Qa3 Nf2+ 36. Kg1 e2 37. Re1 Ng4 38. h3 Qd2 39. hxg4 Qxe1+ 40. Kh2 Qd2 0-1

[Event "Hoogovens op-C"]
[Site "Wijk aan Zee"]
[Date "1999.??.??"]
[Round "5"]
[White "Perez Garcia, Hebert"]
[Black "Oosterom, Erik"]
[Result "1-0"]
[WhiteElo "2190"]
[BlackElo "2270"]
[PlyCount "95"]
[EventDate "1999.01.??"]
[EventType "swiss"]
[EventRounds "9"]
[EventCountry "NED"]
[SourceTitle "EXT 2000"]
[Source "ChessBase"]
[SourceDate "1999.11.16"]
[SourceVersion "1"]
[SourceVersionDate "1999.11.16"]
[SourceQuality "1"]

1. e4 c5 2. Nc3 Nc6 3. g3 g6 4. Bg2 Bg7 5. d3 d6 6. Be3 Nd4 7. Nce2 Nxe2 8. Nxe2 Bxb2 9. 0-0 Bxa1 10. Qxa1 Nf6 11. f4 0-0 12. h3 Ne8 13. g4 f6 14. f5 g5 15. Ng3 Ng7 16. Kf2 e5 17. Rh1 h6 18. a3 Kf7 19. h4 Ke7 20. hxg5 hxg5 21. Rh7 Rf7 22. c3 b6 23. Qa2 Qg8 24. Rh6 Rf8 25. Qd2 Ke8 26. d4 Bd7 27. dxe5 dxe5 28. Qd6 Qf7 29. Rh7 Qg8 30. Rh1 Rd8 31. Rd1 Qf7 32. Bf1 Qe7 33. Qc7 Bxf5 34. Rxd8+ Qxd8 35. Qxg7 Bxg4 36. Bb5+ Bd7 37. Qg6+ Ke7 38. Bc4 Kd6 39. Bxg5 Kc7 40. Bh6 Rh8 41. Qg7 Kb8 42. Bd5 Bc8 43. Nh5 Re8 44. Nxf6 Re7 45. Qf8 Qc7 46. Bg5 c4 47. Ke2 Qd6 48. Ne8 1-0

[Event "NED-ch53 sf"]
[Site "Enschede"]
[Date "1998.01.06"]
[Round "4"]
[White "Perez Garcia, Hebert"]
[Black "Wilgenhof, Otto"]
[Result "1/2-1/2"]
[WhiteElo "2205"]
[BlackElo "2235"]
[PlyCount "109"]
[EventDate "1998.01.03"]
[EventType "swiss"]
[EventRounds "9"]
[EventCountry "NED"]
[SourceTitle "CBM 062 Extra"]
[Source "ChessBase"]
[SourceDate "1998.03.09"]
[SourceVersion "1"]
[SourceVersionDate "1998.03.09"]
[SourceQuality "1"]

1. e4 e6 2. d3 d5 3. Nd2 Nf6 4. Ngf3 dxe4 5. dxe4 Bc5 6. Bb5+ c6 7. Bd3 e5 8. h3 h6 9. Nf1 Qb6 10. Qe2 Be6 11. c3 Nbd7 12. Ng3 0-0 13. 0-0 a5 14. Nh4 Rfd8 15. Nhf5 Nf8 16. Bc4 Bxc4 17. Qxc4 Ne6 18. Be3 Bxe3 19. Nxe3 Rd2 20. b3 Rad8 21. Rfd1 Nf4 22. Rxd2 Rxd2 23. Ngf1 Rb2 24. Rd1 Rxa2 25. b4 Ne2+ 26. Kh2 Rb2 27. Ra1 Qb5 28. Rxa5 Qxc4 29. Nxc4 Rb3 30. Nfd2 Rxc3 31. Ra8+ Kh7 32. Nxe5 Rc2 33. Nxf7 g5 34. Rd8 Kg7 35. Nd6 Nd4 36. e5 Nd5 37. N2e4 b5 38. Rd7+ Kg6 39. Rd8 Re2 40. Rg8+ Kh7 41. Rf8 Ne6 42. Rc8 Rc2 43. Nxb5 Nb6 44. Rb8 Nd7 45. Rb7 cxb5 46. Rxd7+ Kg6 47. Rd5 Rc4 48. Nd6 Rxb4 49. Nxb5 Nf4 50. Rc5 Rb2 51. Kg1 Rb1+ 52. Kh2 Rb2 53. Kg1 Rb1+ 54. Kh2 Rb2 55. Kg1 1/2-1/2

[Event "NED-ch53 sf"]
[Site "Enschede"]
[Date "1998.01.03"]
[Round "1"]
[White "Kerkmeester, Heico"]
[Black "Perez Garcia, Hebert"]
[Result "1-0"]
[WhiteElo "2250"]
[BlackElo "2205"]
[PlyCount "157"]
[EventDate "1998.01.03"]
[EventType "swiss"]
[EventRounds "9"]
[EventCountry "NED"]
[SourceTitle "CBM 062 Extra"]
[Source "ChessBase"]
[SourceDate "1998.03.09"]
[SourceVersion "1"]
[SourceVersionDate "1998.03.09"]
[SourceQuality "1"]

1. d4 e6 2. Nf3 f5 3. g3 Nf6 4. Bg2 Bb4+ 5. c3 Be7 6. 0-0 0-0 7. Nbd2 Kh8 8. b3 d5 9. Bb2 Qe8 10. c4 c6 11. Ne5 Nbd7 12. Ndf3 Ne4 13. Nd3 Bd6 14. Qc1 Ndf6 15. Nfe5 Qh5 16. f3 Ng5 17. Nf4 Qe8 18. Ba3 Bxa3 19. Qxa3 Nd7 20. Nfd3 Nxe5 21. Nxe5 Nf7 22. Nxf7+ Rxf7 23. e4 Bd7 24. exd5 cxd5 25. cxd5 exd5 26. Rfe1 Qd8 27. Qc5 Bc6 28. f4 Qd7 29. Rac1 a6 30. Re3 Rd8 31. Rce1 g6 32. Re7 Rxe7 33. Rxe7 Qd6 34. Qxd6 Rxd6 35. Kf2 Bd7 36. Ke3 Re6+ 37. Rxe6 Bxe6 38. Kd2 b5 39. b4 Kg7 40. Ke3 Kf6 41. Kf3 h5 42. Bf1 Bd7 43. Be2 Be8 44. Kg2 Bc6 45. Bf3 Bb7 46. Kh3 Bc6 47. Kh4 Bb7 48. h3 Bc6 49. g4 hxg4 50. hxg4 Bb7 51. gxf5 Kxf5 52. Kg3 Kf6 53. Bg4 g5 54. fxg5+ Kxg5 55. Bh3 Kf6 56. Kf4 Bc6 57. Bc8 Be8 58. Bxa6 Ke6 59. Bc8+ Kd6 60. Bg4 Bc6 61. Kf5 Bd7+ 62. Kg5 Bc6 63. Kf6 Be8 64. Be2 Bc6 65. Kf7 Bd7 66. Bd1 Bf5 67. Ke8 Bd3 68. Kd8 Bc4 69. a3 Bf1 70. Bg4 Bd3 71. Bd7 Be2 72. Kc8 Bd3 73. Be8 Ke7 74. Bc6 Ke6 75. Kc7 Bc4 76. Kb6 Kf5 77. Kc5 Ke4 78. a4 bxa4 79. Bxa4 1-0

[Event "NED-ch52 sf"]
[Site "Enschede"]
[Date "1996.11.30"]
[Round "2"]
[White "Perez Garcia, Hebert"]
[Black "Riemersma, Liafbern"]
[Result "0-1"]
[WhiteElo "2210"]
[BlackElo "2435"]
[PlyCount "56"]
[EventDate "1996.11.29"]
[EventType "swiss"]
[EventRounds "9"]
[EventCountry "NED"]
[SourceTitle "CBM 055 Extra"]
[Source "ChessBase"]
[SourceDate "1997.01.01"]
[SourceVersion "1"]
[SourceVersionDate "1997.01.01"]
[SourceQuality "1"]

1. e4 c5 2. Nc3 Nc6 3. g3 g6 4. Bg2 Bg7 5. d3 e5 6. Be3 d6 7. Qd2 Nge7 8. Bh6 Bxh6 9. Qxh6 Nd4 10. Rc1 Qa5 11. a3 b5 12. Qd2 Bg4 13. f3 Be6 14. f4 Nec6 15. Nf3 Nxf3+ 16. Bxf3 Nd4 17. 0-0 f6 18. Bg2 exf4 19. Rxf4 0-0 20. Rcf1 Kg7 21. Rxf6 Rxf6 22. Rxf6 b4 23. axb4 cxb4 24. Qf2 Qe5 25. Nd1 Qxf6 26. Qxf6+ Kxf6 27. e5+ Kxe5 28. Bxa8 Nxc2 0-1